000 00277nam a2200097Ia 4500
001 1116588
005 20250827004049.0
008 250824s9999 xx 000 0 und d
245 0 _aYAKIN TARİHTE EFSANELER VE GERÇEKLER İ1 27
_cMUSTAFA ARMAĞAN
260 _bKETEBE YAYINLARI
999 _c1116588
_d1116588